000 00514nam a2200193Ia 4500
005 20250326123900.0
008 250326s9999 xx 000 0 und d
037 _aTextbook
040 _aFMSL
_beng
_cFMSL
041 _aeng
_2eng
084 _aS8 K8
_qFMSL
100 _aLindzey G
_9736112
245 0 _aHandbook of social psychology
_cLindzey G; Aronson E
250 _a2
260 _aLondon
_bLondon, Addison-Wesley
_c1968
300 _a653p
942 _cTB
_hS8 K8
999 _c1271331
_d1271331